000 00680nam a2200229Ia 4500
003 OSt
005 20220928105153.0
006 a|||||r|||| 00| 0
007 ta
008 220927b |||||||| |||| 00| 0 eng d
024 _a132373
037 _cTextual
040 _aSDCL
_cSDCL
_beng
041 _2eng
_aeng
082 _aR641x91,3, M5
100 _aKhandadeva Mahamahopadhyaya
_9414202
245 0 _aKhanda deva bhava prakasa
_b A commentary of bhattarahasya
260 _aDelhi
_bMinistry of Education and Social Walfare
_c1985
300 _a337p
_ccm.
942 _hR641x91,3, M5
_cTEXL
_2CC
999 _c730012
_d730012